00605nam a2200193Ia 4500008004100000020001500041082001600056100001800072245002400090250000800114260004700122300002500169500001900194600002700213650001500240942000700255952013200262999001700394240925s9999 xx 000 0 und d a8189757954 a621.382 SIN aSingh, Tarlok 0aElectrical Power-II a1st aNew Delhi:bS.K. Kartaria and sonsc,2008. a870p.bN.AfOriginal aIncludes Index aElectrical Engineering aTechnology cBK 001040708ELaUITUbUITUd2016-03-08eRoyal Book Companyg364.65l0o621.382 SINpQ10801r2024-09-25 07:15:50w2024-09-25yBK c13300d13300